00885nam a2200205Ia 4500999001500000003000900015005001700024008004100041040002800082090002200110110006300132245011200195260008000307300004400387490002700431504002400458650003500482942001200517952015000529 c2684d2684DO-SdBJH20180416181811.0180414s9999 dr 000 0 spa d aDO-SdBJHbspacDO-SdBJH aDM FM 41-10 2006 aInstituto de Cooperación para la Seguridad Hemisférica10aFM 3-05.40 (FM 41-10) Civil affairs operations / Instituto de Cooperación para la Seguridad Hemisférica aFuerte Benning, Georgia : Cuartel General Secretaría del Ejército, 2006 av, 102 páginas en varias paginaciones aFM 3-05.40 (FM 41-10)  aIncluye apéndices 4aAsuntos civiles -- Operaciones 2ddccBK 00102ddc40708DMaBEGEMbBEGEMcGENd2018-04-14i18-EERD-01078l0oDM FM 41-10 2006p18-EERD-01078r2018-04-14 00:00:00tEj.1w2018-04-14yBK